00797 2200301 4500001002100000005001500021035002000036007000300056008004100059020002200100082001000122084001600132100001900148245009100167250001000258260003200268300003500300650001900335700002700354700001900381520002800400520001400428520001100442990001100453990001100464990001100475990000900486INLIS00000000000381120190724091220 a0010-0719000229ta190724 g 0 ind  a978-602-97501-3-3 a634.9 a634.9 ELL m0 aELLEN, Tjandra1 aMengenal Hutan Mangrove /cEllen Tjandra, Yosua Ronaldo Siagian; editor, Diah Rahmatia acet.3 aBogor :bPakar Media,c2016 aiv, 60 hlm. :bilus. ;c25 cm. 4aHUTAN MANGROVE0 aSIAGIAN, Yosua Ronaldo0 aDIAH, Rahmatia aBibliografi: hlm. 59-60 aGlosarium aIndeks a6131 a a6131 b a6131 c a5158